Elenca la formazione - Quiz n°284 - Statistics

Statistiche generali
  • Questo quiz è stato fatto 26 volte
  • Il punteggio medio è 8 su 11
Statistiche sulle risposte
Ruolo Club dell'epoca Calciatore % Corretto
Difensore Atletico Madrid José María Giménez
91%
Attaccante Atletico Madrid Luis Suárez
91%
Attaccante Manchester United Edinson Cavani
87%
Centrocampista Real Madrid Federico Valverde
87%
Centrocampista Inter Matías Vecino
87%
Portiere Galatasaray Fernando Muslera
83%
Centrocampista Juventus Rodrigo Bentancur
83%
Difensore Cagliari Diego Godín
78%
Difensore Cagliari Nahitan Nández
61%
Centrocampista Flamengo Giorgian de Arrascaeta
35%
Difensore Palmeiras Matías Viña
0%
Nessun quiz corrispondente trovato
Distribuzione punteggi
Percentuale di utenti per punteggio
Percentile per numero di risposta
I tuoi punteggi nel tempo
Non hai fatto questo quiz